Contemporary sports reporting / (Record no. 7196)

MARC details
000 -LEADER
fixed length control field 01228pam a2200217 4500
001 - CONTROL NUMBER
control field 8332
005 - DATE AND TIME OF LATEST TRANSACTION
control field 20181127185646.0
008 - FIXED-LENGTH DATA ELEMENTS--GENERAL INFORMATION
fixed length control field 920403s1994 ilua 001 0 eng
010 ## - LIBRARY OF CONGRESS CONTROL NUMBER
LC control number 92010948
020 ## - INTERNATIONAL STANDARD BOOK NUMBER
International Standard Book Number 0830412883
082 00 - DEWEY DECIMAL CLASSIFICATION NUMBER
Classification number 070.4/49796
Edition number 20
100 1# - MAIN ENTRY--PERSONAL NAME
Personal name Anderson, Douglas A.
245 10 - TITLE STATEMENT
Title Contemporary sports reporting /
Statement of responsibility, etc. Douglas A. Anderson.
250 ## - EDITION STATEMENT
Edition statement 2nd ed.
260 ## - PUBLICATION, DISTRIBUTION, ETC.
Place of publication, distribution, etc. Chicago :
Name of publisher, distributor, etc. Nelson-Hall,
Date of publication, distribution, etc. c1994.
300 ## - PHYSICAL DESCRIPTION
Extent xvi, 327 p. :
Other physical details ill. ;
Dimensions 23 cm.
500 ## - GENERAL NOTE
General note Includes index.
505 ## - FORMATTED CONTENTS NOTE
Formatted contents note CONTENTS : Introduction to sports reading: 1. Trends in sports reporting -- 2. Philosophies of sports reporting -- 3. Precontest coverage. II. Coverage of revenue-producing sports: 4. Football -- 5. Basketball. III. Coverage of non-revenue-producing sports: 6.Baseball. 7. Golf. 8. Gymnastics. 9.Swimming. 10. Tennis. 11. Track and field. 12. Volleyball. 13. Wrestling. IV. Coverage beyond stadiums and arenas: 14. Features. 15. Columns. 16. Ratings and all star team. 17. Courtrooms and boardrooms. 18. In depth reporting. V.Working the sports desk: 19. Designing pages. 20. Legal considerations.
Miscellaneous information
Statement of responsibility
Title
650 #0 - SUBJECT ADDED ENTRY--TOPICAL TERM
Topical term or geographic name entry element Sports journalism
General subdivision History
Chronological subdivision 20th century.
Holdings
Withdrawn status Lost status Source of classification or shelving scheme Damaged status Not for loan Collection code Home library Current library Shelving location Date acquired Serial Enumeration / chronology Inventory number Total Checkouts Full call number Barcode Date last seen Date last checked out Price effective from Koha item type
    Dewey Decimal Classification     Main TEST RTC Library RTC Library Main opac 30/08/2024 12728 1 070.4 AND 30012908 03/09/2024 30/08/2024 27/11/2018 Main
Royal Thimphu College || All Right Reserved